Fundamentos básicos de los procesos ambientales para ingenieros / (Registro nro. 14812)

Detalles MARC
000 -LIDER
fixed length control field 00821nam a2200265 4500
003 - IDENTIFICACDOR DE NÚMERO DE CONTROL
control field DO-SdBNP
005 - DATE AND TIME OF LATEST TRANSACTION
control field 20240912131643.0
008 - ELEMENTOS DE LONGITUD FIJA
fixed length control field 170112b22005 ve | 00| 0 spa d
020 ## - ISBN
International Standard Book Number 9803293370
040 ## - FUENTE DE CATALOGACIÓN
Agencia que crea de manera original el registro BPMSU
Idioma de catalogación spa
Agencia que realiza la transcripción BPMSU
082 #4 - NÚMERO DE CLASIFICACIÓN DECIMAL DE DEWEY
Classification number 574.5
Item number R628f 2005
Edition number 22
100 1# - ASIENTO PRINCIPAL -- NOMBRE PERSONAL
Nombre personal Roa Marquez, José Andrés
245 10 - MENCIÓN DE TITULO
Título Fundamentos básicos de los procesos ambientales para ingenieros /
Mención de responsabilidad José Andrés Roa Márquez.
250 ## - MENCIÓN DE EDICION
Mención de edición 2a. ed.
260 ## - PUBLICACIÓN, DISTRIBUCIÓN, ETC. (PIE DE IMPRENTA)
Lugar de publicación, distribución, etc Venezuela :
Nombre del editor, distribuidor, etc. Decanato de Investigación,
Fecha de publicación, distribución, etc 2005
300 ## - DESCRIPCIÓN FÍSICA
Extensión 327 p. :
Otros detalles físicos il. ;
Dimensiones 28 cm
590 ## - NOTA LOCAL
Texto de la nota local Inventariado, 2024/VM
650 #4 - ENCABEZAMIENTO DE MATERIA--TEMÁTICO
Término temático o nombre geográfico como elemento de entrada Ecología.
650 #4 - ENCABEZAMIENTO DE MATERIA--TEMÁTICO
Término temático o nombre geográfico como elemento de entrada Ecosistemas.
650 #4 - ENCABEZAMIENTO DE MATERIA--TEMÁTICO
Término temático o nombre geográfico como elemento de entrada Ecosistemas acuáticos.
650 #4 - ENCABEZAMIENTO DE MATERIA--TEMÁTICO
Término temático o nombre geográfico como elemento de entrada Contaminación del aire
710 2# - ASIENTO SECUNDARIO -- NOMBRE CORPORATIVO
Nombre corporativo o de jurisdicción Océano Grupo Editorial
910 ## - VALIDACIÓN
Validación VMateo V. Control de calidad. BPMSU
942 ## - ADDED ENTRY ELEMENTS (KOHA)
Source of classification or shelving scheme Dewey Decimal Classification
Koha item type Libros
Existencias
Withdrawn status Lost status Source of classification or shelving scheme Damaged status Not for loan Collection code Home library Current library Date acquired Total Checkouts Full call number Barcode Date last seen Price effective from Koha item type
    Dewey Decimal Classification     Colección General Biblioteca Pública Metropolitana Salomé Ureña Biblioteca Pública Metropolitana Salomé Ureña 09/12/2024   BPMSU CG 574.5 R628f 2005 BPMSU24090035 09/12/2024 09/12/2024 Libros